Detalles MARC
| 000 -Cabecera |
| Campo de control de longitud fija |
01761aam a2200493 4500 |
| 005 - Fecha y hora de la última transacción |
| Campo de control |
20251118151408.0 |
| 008 - Elementos de longitud fija--Información general |
| Campo de control de longitud fija |
150625b2011 xxu||||| |||| 00| 0 spa d |
| 020 ## - International Standard Book Number |
| Número Internacional Estándar del Libro (ISBN) |
9786071506009 |
| 041 ## - Idioma |
| Código de idioma |
Español |
| 082 ## - Clasificación Decimal Dewey |
| Número de clasificación |
658.503 SCH381a5 |
| 100 ## - Entrada principal--Autor personal |
| Nombre personal |
Schroeder, Roger |
| 9 (RLIN) |
9482 |
| 100 ## - Entrada principal--Autor personal |
| Nombre personal |
Meyer Goldstein, Susan |
| 9 (RLIN) |
9483 |
| 100 ## - Entrada principal--Autor personal |
| Nombre personal |
Rungtusanatham, Jhonny |
| 9 (RLIN) |
9484 |
| 245 ## - Título propiamente dicho |
| Título |
Administración de operaciones |
| 250 ## - Edición |
| Mención de edición |
5 edición |
| 260 ## - Pie de imprenta |
| Lugar de publicación, distribución, etc. |
México |
| 260 ## - Pie de imprenta |
| Nombre del editor, distribuidor, etc. |
McGraw Hill |
| 260 ## - Pie de imprenta |
| Fecha de publicación, distribución, etc. |
2011 |
| 300 ## - Descripción física |
| Extensión |
542 páginas |
| 490 ## - Serie |
| Título de la Serie |
Dirección y Administración de Empresas |
| 505 ## - Nota de contenido |
| Nota de contenido |
Parte I. Introducción,<br/>Parte II. Diseño del proceso,<br/>Parte III. Calidad. |
| 650 ## - Materia general |
| Temática (materia general) |
PLANIFICACIÓN GENERAL DE LA PRODUCCIÓN |
| 650 ## - Materia general |
| Temática (materia general) |
ADMINISTRACIÓN DE OPERACIONES |
| 650 ## - Materia general |
| Temática (materia general) |
TOMA DE DECISIONES A NIVEL INTERFUNCIONAL |
| 650 ## - Materia general |
| Temática (materia general) |
ESTRATEGIA DE OPERACIONES |
| 650 ## - Materia general |
| Temática (materia general) |
ESTRATEGIA DE LA CADENA DE SUMINISTRO |
| 650 ## - Materia general |
| Temática (materia general) |
DISEÑO DEL PRODUCTO |
| 650 ## - Materia general |
| Temática (materia general) |
DISEÑO DEL PROCESO |
| 650 ## - Materia general |
| Temática (materia general) |
ESTRATEGIA DEL PRODUCTO-PROCESO |
| 650 ## - Materia general |
| Temática (materia general) |
DISEÑO DEL PROCESO DEL SERVICIO |
| 650 ## - Materia general |
| Temática (materia general) |
ANÁLISIS DEL FLUJO DEL PROCESO |
| 650 ## - Materia general |
| Temática (materia general) |
ADMINISTRACIÓN DE LA CALIDAD |
| 650 ## - Materia general |
| Temática (materia general) |
PLANEACIÓN, CONTROL Y MEJORAMIENTO DE LA CALIDAD |
| 650 ## - Materia general |
| Temática (materia general) |
CONTROL Y MEJORAMIENTO DE LA CALIDAD |
| 650 ## - Materia general |
| Temática (materia general) |
DISEÑO DE LOS SISTEMAS DE CONTROL DE LA CALIDAD |
| 650 ## - Materia general |
| Temática (materia general) |
ADMINISTRACIÓN DE LA CADENA DE SUMINISTRO |
| 650 ## - Materia general |
| Temática (materia general) |
PREPARACIÓN DE PRONÓSTICOS |
| 650 ## - Materia general |
| Temática (materia general) |
PLANEACIÓN DE LA CAPACIDAD |
| 650 ## - Materia general |
| Temática (materia general) |
PROGRAMACIÓN DE OPERACIONES |
| 650 ## - Materia general |
| Temática (materia general) |
PLANEACIÓN Y PROGRAMACIÓN DE PROYECTOS |
| 650 ## - Materia general |
| Temática (materia general) |
INVENTARIO SUJETOS A DEMANDA INDEPENDIENTE |
| 650 ## - Materia general |
| Temática (materia general) |
MRP Y LOS SISTEMAS DE ERP |
| 942 ## - Punto de acceso adicional KOHA |
| Tipo de ítem KOHA |
Libro |
| Fuente del sistema de clasificación o colocación |
Dewey Decimal Classification |